| 000 | 00612nam a22001935i 4500 | ||
|---|---|---|---|
| 001 | 158297 | ||
| 003 | ES-MaACL | ||
| 005 | 20230906211106.0 | ||
| 008 | 040826s1842 gw |||| | eng d | ||
| 040 |
_aCAM _bspa _cCAM |
||
| 100 | 1 |
_aLytton, Edward Bulwer Lytton _cBaron. _974965 |
|
| 245 | 1 | 0 |
_aDevereux / _cby sir Edward Bulwer Lytton. |
| 260 |
_aLeipzig : _bBernhard Tauchnitz, _c1842. |
||
| 300 |
_aX, 461 p. ; _c16 cm. |
||
| 490 | 1 |
_aCollection of british authors ; _v21 |
|
| 830 | 0 |
_aCollection of british authors ; _v21 _9180703 |
|
| 852 |
_aES-MaACL _jG-12210 _z-- Enc. hol. |
||
| 999 |
_c158297 _d158297 |
||